[Event "FIDE-Online-Steinitz-Memorial-Women"]
[White "Lagno, Kateryna"]
[Black "Khademalsharieh, Sarasadat"]
[Site "Internet"]
[Round "12"]
[Annotator "TA"]
[Result "0-1"]
[Date "2020.05.16"]
[WhiteElo "2608"]
[BlackElo "2431"]
[PlyCount "164"]

1. e4 {} e5 2. Nf3 Nc6 3. Bb5 a6 4. Ba4 Nf6 5. 0-0 b5 6. Bb3 Bc5 7. d3 {7.a4 is the modern continuation.} d6 8. Nc3 h6 {C77: Ruy
Lopez: 3...a6 4 Ba4 Nf6, unusual lines.} 9. Nd5 Rb8 10. c3 Nxd5 {[#] The
position is equal.} 11. Bxd5 $146 ({Predecessor:} 11. exd5 Ne7 12. d4 exd4 13. Nxd4 0-0 14. Qd3 Bxd4 15. Qxd4 Re8 16. Bd2 Bb7 17. Rfe1 {1-0 (34) Feuerstack,A
(2459)-Van Haastert,E (2438) Amsterdam 2020} )Ne7 12. Bb3 0-0 13. d4 exd4 14. cxd4 Bb6 15. h3 Ng6 16. a4 c5 17. axb5 axb5 18. Be3 Bb7 19. dxc5 dxc5 20. Bc2 Qf6 21. Qe2 c4 22. Bxb6 Qxb6 23. Rfd1 Rfe8 24. Nd4 Rbd8 25. Qe3 b4 26. b3 c3 27. g3 ({Only move:} 27. Nf5 Qxe3 28. Nxe3 )Rd7 ({Black should play} 27... Ne7 {...Nd5! is the strong threat.} 28. f3 Nc6 )28. h4 (28. Nf5 $17 Rxd1+ 29. Rxd1 Qxe3 30. Nxe3 )Red8 $19 {} 29. Nf5 Rxd1+ 30. Rxd1 Rxd1+ 31. Bxd1 Qxe3 32. Nxe3 Bxe4 { Endgame KBN-KBN} 33. Bc2 (33. f3 $142 Bd3 34. Bc2 )Bf3 34. Nc4 Ne7 35. Kf1 (35. Ne5 $142 Bh5 36. f3 )Nc6 36. Ke1 Nd4 37. Ne3 Kf8 38. Bd3 Nxb3 39. Nc2 Nc5 40. Nxb4 Nxd3+ 41. Nxd3 {
KB-KN} Be4 42. Nc5 Bg6 43. Na4 $2 (43. Na6 {was forced.} Ke7 44. Nb4 )c2 44. Kd2 Ke7 45. Nc3 Ke6 46. Ne2 Ke5 47. f3 Bh7 (47... Bh5 $142 48. Ng1 Kd4 49. Ne2+ Ke5 )48. Nf4 $2 (48. Kc3 )Kd4 49. Ne2+ Kc4 50. Nc1 f6 51. Ne2 (51. h5 $142 Kb4 52. Ne2 )Kb3 52. Kc1 Bd3 $2 ({Better is} 52... g5 $1 $19 {
aiming for ...Kc4.} 53. f4 gxh4 54. gxh4 Bd3 55. Nd4+ Kc3 )53. Nf4 $11 Kc3 {
Threatens to win with ...Kd4.} 54. Ne6 $2 { White is on the road to
losing.} (54. Nh5 $11 )g5 $19 55. hxg5 hxg5 $2 (55... fxg5 $19 {has
better winning chances. And now ...Bc4 would win.} 56. f4 g4 )56. f4 $2 {
 [#]} (56. Nf8 $17 )g4 $1 57. Nc7 Kd4 58. Kd2 Ke4 59. Ne8 f5 60. Nf6+ Kf3 61. Nh5 Be4 62. Kc1 Ke2 63. Nf6 Kf2 64. Nh5 Kg2 65. Kd2 {[#]} Bd3 $1 {} 66. Kc1 (66. Kxd3 c1=Q )Kh3 67. Kd2 Be4 68. Kc1 Kg2 69. Kd2 Kf2 70. Kc1 Ke3 71. Ng7 Bd3 72. Nh5 Bc4 $2 (72... Kf2 {mates} 73. Kb2 Bc4 74. Kc1 Bf7 75. Ng7 Kxg3 76. Nxf5+ Kxf4 77. Nd4 Bg6 78. Ne2+ Ke3 79. Ng3 Kf2 80. Nh5 Bxh5 81. Kxc2 g3 82. Kd3 g2 83. Ke4 g1=Q 84. Kd5 Qg6 85. Kc5 Ke3 86. Kb5 Kd4 87. Ka4 Qb6 88. Ka3 Kc3 89. Ka4 Qb4# )73. Kxc2 $2 {} (73. Ng7 $11 )Kf3 {Black mates.} 74. Kd2 Bf7 75. Ng7 {[#]} Bg6 $1 76. Ne6 Kxg3 77. Ke3 Kh2 78. Ng5 g3 79. Nf3+ Kh1 80. Kd4 Bh5 81. Nh4 g2 82. Ke5 g1=Q {
Accuracy: White = 57%, Black = 76%.} 0-1

[Event "FIDE-Online-Steinitz-Memorial-Women"]
[White "Kosteniuk, Alexandra"]
[Black "Cori T., Deysi"]
[Site "Internet"]
[Round "12"]
[Annotator "ChessBase"]
[Result "1-0"]
[Date "2020.05.16"]
[WhiteElo "2521"]
[BlackElo "2391"]
[PlyCount "53"]
[TimeControl "180+2"]

1. e4 d5 2. exd5 {[%emt 0:0:4]} Qxd5 {[%emt 0:0:3]} 3. Nc3 {[%emt 0:0:0]} Qd6 {[%emt 0:0:1]} 4. d4 {[%emt 0:0:1]} Nf6 {[%emt 0:0:1]} 5. Nf3 {[%emt 0:0:1]
} a6 {[%emt 0:0:1]} 6. g3 {[%emt 0:0:1]} Bg4 {[%emt 0:0:3]} 7. Bg2 {[%emt 0:0:1]} Nc6 {[%emt 0:0:2]} 8. 0-0 {[%emt 0:0:34]} 0-0-0 {[%emt 0:0:2]
} 9. h3 {[%emt 0:0:2]} Bh5 {[%emt 0:0:3]} 10. Bf4 {[%emt 0:0:0]} Qb4 {[%emt 0:0:1]} 11. a3 {[%emt 0:0:2]} Qxb2 {[%emt 0:0:5]} 12. Qe1 {[%emt 0:0:1]} Qxc2 {[%emt 0:0:33]} 13. Rc1 {[%emt 0:0:9]} Qf5 {[%emt 0:0:51]
} 14. d5 {[%emt 0:0:36]} Nxd5 {[%emt 0:0:16]} 15. Nxd5 {[%emt 0:0:1]
} Rxd5 {[%emt 0:0:3]} 16. Rxc6 {[%emt 0:0:40]} bxc6 {[%emt 0:0:0]} 17. Ne5 {[%emt 0:0:1]} e6 {[%emt 0:0:20]} 18. Bxd5 {[%emt 0:0:10]} cxd5 {[%emt 0:0:1]} 19. Qa5 {[%emt 0:0:1]} Be2 {[%emt 0:0:6]} 20. Re1 {[%emt 0:0:24]
} g5 {[%emt 0:0:30]} 21. Rxe2 {[%emt 0:0:5]} gxf4 {[%emt 0:0:0]} 22. Qxa6+ {[%emt 0:0:3]} Kd8 {[%emt 0:0:1]} 23. Qc6 {[%emt 0:0:16]} Ke7 {[%emt 0:0:9]} 24. Qd7+ {[%emt 0:0:2]} Kf6 {[%emt 0:0:1]} 25. Qxf7+ {[%emt 0:0:1]
} Kg5 {[%emt 0:0:1]} 26. Nf3+ {[%emt 0:0:4]} Kh6 {[%emt 0:0:0]} 27. Rxe6+ {[%emt 0:0:1]} 1-0

[Event "FIDE-Online-Steinitz-Memorial-Women"]
[White "Tan, Zhongyi"]
[Black "Lei, Tingjie"]
[Site "Internet"]
[Round "12"]
[Annotator "TA"]
[Result "0-1"]
[Date "2020.05.16"]
[WhiteElo "2510"]
[BlackElo "2530"]
[PlyCount "28"]

1. c4 {} e5 2. g3 Nf6 3. Bg2 c6 4. Nf3 e4 5. Nd4 Qb6 6. e3 {A20:
English Opening: 1...e5.} d5 7. cxd5 cxd5 8. 0-0 {White has an edge.} Nc6 (8... Bg4 $5 {} 9. f3 exf3 10. Nxf3 (10. Bxf3 Bh3 $11 )Be7 $11 )9. Nxc6 (9. Nc3 $11 )bxc6 $15 {[#]} 10. d4 $146 ({Predecessor:} 10. d3 Ba6 11. dxe4 Bxf1 12. Qxf1 Nxe4 13. Bxe4 dxe4 14. Qc4 Qc5 15. Qxe4+ Be7 16. Bd2 {
1-0 (101) Iturrizaga Bonelli,E (2629)-Nyzhnyk,I (2665) chess24.com INT 2020} )exd3 11. Re1 Bb4 $36 { Black fights for an advantage.} 12. Bd2 0-0 13. Bxb4 Qxb4 14. Qxd3 $2 { [#]} (14. Qd2 $17 a5 15. a3 )Qxe1+ {Black took control after the opening.} 0-1

[Event "FIDE-Online-Steinitz-Memorial-Women"]
[White "Stefanova, Antoaneta"]
[Black "Paehtz, Elisabeth"]
[Site "Internet"]
[Round "12"]
[Annotator "TA"]
[Result "1/2-1/2"]
[Date "2020.05.16"]
[WhiteElo "2485"]
[BlackElo "2396"]
[PlyCount "183"]

1. d4 {} d6 2. Nf3 g6 3. g3 Bg7 4. Bg2 Nd7 5. 0-0 e5 6. e4 Ngf6 7. Re1 0-0 8. h3 {A49: 1 d4 Nf6 2 Nf3 g6 3 g3: Anti-King's Indian systems.} c6 9. dxe5 dxe5 10. Nbd2 Qc7 11. Nc4 {[#]} Ne8 $146 ({Predecessor:} 11... Re8 12. Nd6 Re6 13. Nxc8 Rxc8 14. c3 Rd8 15. Qc2 Nc5 16. Bf1 Nh5 17. b4 Nd7 {1-0 (43) Kleopas,
G-Perdikis,C Cyprus 1995} )12. a4 Nc5 13. b3 Be6 14. Ba3 b6 15. Bxc5 bxc5 16. Qe2 f6 17. Red1 $36 { White fights for an advantage.} Bh6 18. Nh2 Qe7 19. Bf1 Nc7 ({Black should play} 19... Kh8 $14 )20. Ng4 Bg7 21. Na5 Bd7 22. Qd2 Rad8 $2 (22... Be8 $16 )23. Qd6 (23. Nb7 $142 )Qxd6 $18 24. Rxd6 Bxg4 25. Rxd8 ({Much less strong is} 25. Rxc6 $6 Bf3 $16 )Rxd8 26. hxg4 Rd6 27. Nb7 Rd2 28. Nxc5 (28. Bd3 $18 )Bf8 $14 29. Bc4+ Kg7 30. Nb7 (30. Nd3 {is interesting.} Ne8 31. Ra2 Re2 32. f3 Nd6 33. Be6 )Bb4 31. a5 (31. Re1 $14 )Bc3 32. Rf1 Rxc2 33. a6 Bd4 34. Nd8 Nb5 (34... Bb6 {is more complex.
} 35. Rd1 Kf8 36. Nxc6 Nxa6 37. Rd7 Bxf2+ 38. Kg2 Nc5 )35. Nxc6 Nc3 $2 (35... Na3 $11 )36. Nxd4 $18 exd4 { Endgame [#] KRB-KRN} 37. Re1 $1 Kf8 38. e5 Ke7 $2 {} (38... fxe5 $16 39. Rxe5 Rd2 )39. exf6+ Kxf6 40. Re6+ Kg5 41. Re7 { [#] Double Attack} Kxg4 $2 (41... Nd1 42. Re5+ (42. Rxh7 Rxf2 43. Rxa7 Ra2 $18 )Kf6 )42. Rxa7 Ne4 43. Rxh7 Nd2 44. Rh4+ Kg5 45. Kg2 $2 (45. f4+ $18 Kf6 46. Bd5 )Nxc4 $16 46. bxc4 (46. a7 $16 Nb6 47. Rxd4 )Rxc4 {KR-KR} 47. a7 Ra4 48. Rxd4 ({White should try} 48. Rh7 $16 )Rxa7 $14 49. Rd5+ Kf6 50. f4 Ra6 51. Kh3 Ra3 52. Kg4 Rb3 53. Rd6+ Kf7 54. Ra6 Rc3 55. Rb6 Rd3 56. Kh4 Rc3 57. g4 {Hoping for Kg5.} Rc5 58. Kg3 Rd5 59. Kf3 Ra5 60. Ke4 Ra4+ 61. Ke3 Ra3+ (61... g5 $5 )62. Ke4 Ra4+ 63. Kf3 Ra3+ 64. Kg2 Kg7 65. Rd6 Kf7 66. Kf2 Rb3 67. Rc6 Ra3 68. Ke2 Rb3 69. Rd6 Rg3 70. g5 Ra3 71. Rd3 Ra6 72. Kf3 Ke6 73. Kg4 Rb6 74. Rc3 Kf7 75. Rc7+ Kg8 76. Kf3 Ra6 77. Rd7 Rb6 78. Ke4 Ra6 79. Ke5 Rb6 $2 {} (79... Ra8 $14 )80. Rd6 Rb5+ 81. Ke6 $2 (81. Kf6 {mates} Kh7 82. Rd7+ Kg8 83. Kxg6 Rb6+ 84. Kh5 Rb5 85. Kh6 Kf8 86. g6 )Rf5 82. Rd4 Kg7 83. Re4 Kg8 84. Kd6 Kg7 85. Ke6 Kg8 86. Rb4 Kg7 87. Rb7+ Kg8 88. Rb8+ Kg7 89. Rb4 Kg8 90. Rb8+ Kg7 91. Rb7+ Kg8 92. Rb8+ {
Accuracy: White = 69%, Black = 69%.} 1/2-1/2

[Event "FIDE-Online-Steinitz-Memorial-Women"]
[White "Sebag, Marie"]
[Black "Abdumalik, Zhansaya"]
[Site "Internet"]
[Round "12"]
[Annotator "ChessBase"]
[Result "0-1"]
[Date "2020.05.16"]
[WhiteElo "2482"]
[BlackElo "2409"]
[PlyCount "48"]
[TimeControl "180+2"]

1. e4 e5 2. Nf3 {[%emt 0:0:5]} Nc6 {[%emt 0:0:3]} 3. Bb5 {[%emt 0:0:1]} a6 {[%emt 0:0:1]} 4. Ba4 {[%emt 0:0:1]} Nf6 {[%emt 0:0:1]} 5. 0-0 {[%emt 0:0:1]
} Be7 {[%emt 0:0:1]} 6. Re1 {[%emt 0:0:3]} b5 {[%emt 0:0:1]
} 7. Bb3 {[%emt 0:0:1]} 0-0 {[%emt 0:0:2]} 8. a4 {[%emt 0:0:1]} Bb7 {[%emt 0:0:1]
} 9. d3 {[%emt 0:0:1]} d6 {[%emt 0:0:3]} 10. Nbd2 {[%emt 0:0:0]} Nd7 {[%emt 0:0:9]} 11. c3 {[%emt 0:0:4]} Nc5 {[%emt 0:0:3]} 12. Bc2 {[%emt 0:0:1]} Nxa4 {[%emt 0:0:16]} 13. Bxa4 {[%emt 0:0:2]} bxa4 {[%emt 0:0:1]
} 14. Qxa4 {[%emt 0:0:2]} Rb8 {[%emt 0:0:9]} 15. Nf1 {[%emt 0:0:2]
} f5 {[%emt 0:0:4]} 16. Ne3 {[%emt 0:0:8]} fxe4 {[%emt 0:0:0]} 17. dxe4 {[%emt 0:0:1]} Bf6 {[%emt 0:0:8]} 18. Qc4+ {[%emt 0:0:29]} Kh8 {[%emt 0:0:3]} 19. Nd5 {[%emt 0:0:1]} Qd7 {[%emt 0:0:10]} 20. h3 {[%emt 0:0:8]
} Bd8 {[%emt 0:0:3]} 21. Nd2 {[%emt 0:0:42]} Ne7 {[%emt 0:0:0]} 22. Nxe7 {[%emt 0:0:5]} Qxe7 {[%emt 0:0:8]} 23. Nf1 {[%emt 0:0:4]} Qf7 {[%emt 0:0:20]} 24. Be3 {[%emt 0:0:4]} Qxc4 {[%emt 0:0:2]} 0-1

[Event "FIDE-Online-Steinitz-Memorial-Women"]
[White "Lei, Tingjie"]
[Black "Lagno, Kateryna"]
[Site "Internet"]
[Round "13"]
[Annotator "TA"]
[Result "1-0"]
[Date "2020.05.17"]
[WhiteElo "2530"]
[BlackElo "2608"]
[PlyCount "57"]

1. e4 {} e5 2. Nf3 Nc6 3. Bb5 Nf6 4. d3 d6 5. 0-0 Bd7 6. c4 {C66: Ruy Lopez: Steinitz Defence.} g6 7. Nc3 Bg7 8. h3 {White
is slightly better.} 0-0 9. Be3 Nh5 10. Bxc6 bxc6 11. d4 exd4 12. Bxd4 {[#]} Rb8 $146 ({Predecessor:} 12... Bxd4 13. Qxd4 c5 14. Qd2 Bc6 15. Rfe1 Re8 16. Re3 Nf4 17. Rae1 Qf6 18. Nd5 Bxd5 19. cxd5 {1-0 (30) Safarli,E (2671)
-Sibashvili,G (2438) Baku 2018} )13. b3 Bxd4 14. Qxd4 c5 15. Qd2 Bc6 16. Rfe1 Re8 17. Rad1 (17. Re3 $14 )Qf6 (17... a5 $11 )18. Nh2 Nf4 19. Re3 h5 (19... g5 $14 )20. Rf3 $36 { Black is under strong pressure.} g5 {[#]
} 21. h4 $1 { hxg5 is the strong threat.} Rxe4 $2 {
} (21... Qd4 $16 )(21... gxh4 22. Rxf4 )22. hxg5 Qe5 {Strongly
threatening ...Rd4.} 23. Nxe4 {} Nxg2 24. Nf6+ { Double Attack} Kg7 25. Nd5 Nh4 {White should prevent ...Qxh2+.} 26. Rf4 $2 (26. Re3 $18 {and White stays clearly on top.} Qf5 27. Ne7 {
Double Attack} )Nf5 $2 {} (26... Qxg5+ $16 27. Kf1 (27. Rg4 Qxg4+ { Deflection} 28. Nxg4 Nf3+ { Double Attack} 29. Kg2 Nxd2 $11 )Qg2+ 28. Ke2 Re8+ 29. Ne3 (29. Kd3 Qxh2 30. Rh1 Qxh1 $11 )Qxh2 30. Qc3+ Kg8 )27. Nf3 $18 {White is clearly winning.} Qe6 28. Qc3+ Kh7 29. Re1 {Accuracy: White = 77%, Black = 48%.} 1-0

[Event "FIDE-Online-Steinitz-Memorial-Women"]
[White "Tan, Zhongyi"]
[Black "Sebag, Marie"]
[Site "Internet"]
[Round "13"]
[Annotator "TA"]
[Result "1/2-1/2"]
[Date "2020.05.17"]
[WhiteElo "2510"]
[BlackElo "2482"]
[PlyCount "65"]

1. d4 {} d5 2. c4 c6 3. Nf3 Nf6 4. Nc3 e6 5. Bg5 h6 6. Bxf6 Qxf6 7. Qb3 Qe7 {D43: Semi-Slav:
5 Bg5 h6.} 8. e3 g6 9. Bd3 Bg7 10. 0-0 0-0 11. Rac1 Nd7 {The position is equal.
} 12. Rfd1 dxc4 13. Bxc4 b6 {[#]} 14. Bd3 $146 ({Predecessor:} 14. Qc2 Bb7 15. Qe2 Rab8 16. a3 Rfd8 17. Ba2 c5 18. d5 Bxc3 19. Rxc3 exd5 20. Bxd5 Bxd5 21. Rxd5 {0-1 (41) Bozinovic,B (2167)-Palac,M (2538) Zagreb 2017} )Bb7 15. Ne4 c5 16. Qa3 Rfc8 17. dxc5 Nxc5 18. Nxc5 bxc5 19. Nd2 Rab8 20. b3 Rd8 21. Bf1 Rd5 22. Nc4 Rbd8 23. Rxd5 Bxd5 24. Qa5 Rc8 25. Rd1 h5 26. Qa6 Rd8 27. Na5 h4 28. h3 Be5 29. Nc6 Bxc6 $1 30. Rxd8+ Qxd8 31. Qxc6 Qb6 32. Qxb6 axb6 33. f3 {
An uneventful encounter. Accuracy: White = 96%, Black = 95%.} 1/2-1/2

[Event "FIDE-Online-Steinitz-Memorial-Women"]
[White "Khademalsharieh, Sarasadat"]
[Black "Stefanova, Antoaneta"]
[Site "Internet"]
[Round "13"]
[Annotator "TA"]
[Result "1-0"]
[Date "2020.05.17"]
[WhiteElo "2431"]
[BlackElo "2485"]
[PlyCount "79"]

1. Nf3 {} d5 2. e3 Nf6 3. c4 c6 4. b3 Bf5 5. Bb2 e6 6. Be2 h6 7. 0-0 Nbd7 {A12:
English Opening: 1...c6 with b3 by White.} 8. cxd5 exd5 9. d3 Be7 {Black has
an edge.} 10. Nbd2 0-0 11. Re1 Re8 12. Bf1 Bf8 13. Qc2 Bh7 14. a3 a5 {[#]} 15. h3 $146 ({Predecessor:} 15. Bc3 Nc5 16. b4 axb4 17. axb4 Na6 18. Qb2 Nd7 19. e4 Nc7 20. Rxa8 Qxa8 21. Qb3 {0-1 (51) Allegro,V (2215)-Lukasiewicz,G (2330)
Geneve 1996} )Qb6 16. Rac1 Rad8 17. Qb1 Bg6 18. Qa1 c5 (18... Ra8 $15 )19. d4 Rc8 20. dxc5 Nxc5 21. Bd4 Qe6 22. b4 axb4 23. axb4 {} Nd3 24. Bxd3 Bxd3 25. Qb2 Ne4 26. Ne5 Bb5 27. Ra1 f6 {[#] Hoping for ...Nxd2.} 28. Nef3 Qd6 29. Nxe4 dxe4 30. Bc5 $36 { White has some pressure.} Qd7 (30... Qd5 $5 {} 31. Nd4 Bxc5 32. bxc5 Rxc5 $11 )31. Nd4 Bxc5 32. bxc5 Rxc5 33. Ra5 {} Rg5 $2 { [#]} (33... Ree5 $11 {
and Black is okay.} )34. Rxb5 $18 {White is clearly winning.} f5 (34... Rxb5 $142 35. Nxb5 Rc8 )35. Qb3+ Kh7 36. Qd5 Qc7 (36... Qxd5 $142 37. Rxd5 f4 )37. Rxb7 Qc3 38. Rf1 Qd2 39. Qd7 Rg8 40. Ne6 {Accuracy: White = 66%, Black = 50%.} 1-0

[Event "FIDE-Online-Steinitz-Memorial-Women"]
[White "Paehtz, Elisabeth"]
[Black "Kosteniuk, Alexandra"]
[Site "Internet"]
[Round "13"]
[Annotator "TA"]
[Result "0-1"]
[Date "2020.05.17"]
[WhiteElo "2396"]
[BlackElo "2521"]
[PlyCount "96"]

1. d4 {} Nf6 2. Nf3 d5 3. Bf4 c5 4. e3 Nc6 5. c3 Qb6 6. Qc1 Bf5 7. Nbd2 e6 8. Be2 {D02: 1 d4
d5 2 Nf3 sidelines, including 2...Nf6 3 g3 and 2...Nf6 3 Bf4.} h6 9. 0-0 Be7 10. Ne5 {The position is equal.} Rc8 {} 11. Nxc6 (11. dxc5 {
with more complications.} Qxc5 12. a4 Qb6 13. b4 0-0 14. Qb2 )bxc6 {[#]} 12. dxc5 $146 ({Predecessor:} 12. b3 0-0 13. Bd1 cxd4 14. exd4 c5 15. Be3 cxd4 16. Bxd4 Qc7 17. Re1 Bd6 18. Bxf6 Bxh2+ {0-1 (70) Shepherd,D (2034)-Coleman,J 
(2136) Ascot 2011} )Bxc5 13. Nb3 Be7 14. c4 c5 15. Be5 0-0 16. Rd1 Rfd8 17. Bf3 Ne4 18. Bxe4 Bxe4 19. Qc3 f6 20. Bg3 dxc4 (20... e5 $17 21. f3 d4 )21. Qxc4 (21. Nd2 $15 Bg6 22. Nxc4 )Bd5 $17 22. Qc3 c4 23. Nd4 Be4 {...Bb4
is the strong threat.} 24. a3 e5 25. Nf3 Bxf3 (25... Qb3 $17 26. Rxd8+ Rxd8 27. Qxb3 cxb3 )26. gxf3 Qb3 27. Rdc1 (27. Rxd8+ $1 $15 Rxd8 28. Rc1 )Rd3 {
White is on the road to losing.} 28. Qxb3 Rxb3 29. Rc2 c3 30. Rac1 {[#]} (30. bxc3 $17 Rxa3 31. Rxa3 Bxa3 32. Kf1 )Kf7 ({Black should play} 30... a5 $1 $19 31. a4 Rxb2 32. Rxc3 (32. Rxb2 $2 cxb2 33. Rxc8+ Kh7 $19 )Rxc3 33. Rxc3 Rb4 )31. Rxc3 Rcxc3 32. Rxc3 Rxc3 ({Not} 32... Rxb2 33. Rc7 $11 )33. bxc3 Bxa3 { Endgame KB-KB} 34. f4 $2 {[#]} (34. Kf1 {nothing else works.} )e4 35. f5 Bb2 36. c4 (36. Kf1 $142 a5 37. Ke2 )a5 $19 {} 37. Bd6 a4 38. f3 exf3 {Black mates.} 39. Kf2 a3 40. Bxa3 Bxa3 41. Kxf3 {KB-KP} Bd6 42. h3 h5 43. Ke4 Bc5 44. Kf4 Ke7 45. Kg3 Bxe3 46. Kh4 Kd6 47. Kxh5 Kc5 48. Kg6 Bh6 {Accuracy: White = 43%, Black = 82%.} 0-1

[Event "FIDE-Online-Steinitz-Memorial-Women"]
[White "Cori T., Deysi"]
[Black "Abdumalik, Zhansaya"]
[Site "Internet"]
[Round "13"]
[Annotator "TA"]
[Result "0-1"]
[Date "2020.05.17"]
[WhiteElo "2391"]
[BlackElo "2409"]
[PlyCount "124"]

1. d4 {} Nf6 2. Nf3 g6 3. g3 Bg7 4. Bg2 0-0 5. 0-0 d5 6. Ne5 a5 {
D02: 1 d4 d5 2 Nf3 sidelines, including 2...Nf6 3 g3 and 2...Nf6 3 Bf4.} 7. Nd2 Bf5 8. c4 c6 {[#] The position is equal.} 9. cxd5 $146 ({Predecessor:} 9. Qb3 Ra7 10. Rd1 a4 11. Qe3 Ng4 12. Nxg4 Bxg4 13. cxd5 cxd5 14. Nf3 Bxf3 15. Qxf3 e6 {0-1 (50) Markus,R (2662)-Mista,A (2584) Belgrade 2016} )cxd5 10. Qb3 Nc6 11. Nxc6 ({Better is} 11. Ndf3 $11 )bxc6 $15 12. Qa4 Qc8 13. Re1 Re8 14. Nf3 c5 15. dxc5 Qxc5 16. Be3 Qd6 17. Rac1 Ne4 18. Nd4 Bd7 19. Qd1 e5 ({Black
should try} 19... a4 $17 )20. Nb3 {aiming for Bxe4.} Nf6 21. Bg5 e4 22. Nc5 Bf5 23. Bf4 Qe7 24. Nb3 (24. Na4 $11 )Nh5 $1 $36 {
Black fights for an advantage.} 25. Nd4 Nxf4 26. gxf4 Bg4 27. h3 Bd7 28. e3 Qh4 29. f5 (29. Rc5 $15 )gxf5 $19 30. Rc7 Rad8 31. Ne2 (31. Rc5 $142 )Be5 32. Ra7 f4 $2 (32... Be6 $19 {And now ...Kh8 would win.} 33. Nd4 f4 34. exf4 Qxf4 35. Nxe6 fxe6 36. Qg4+ Qxg4 37. hxg4 Bd4 )33. Nxf4 $17 Bxf4 34. exf4 Bxh3 (34... Qxf4 $17 35. Re3 Kh8 )35. Re3 (35. Bxh3 $11 Qxh3 36. Re3 )Bxg2 (35... Bg4 $1 $17 {} 36. Qd2 a4 )36. Rg3+ $11 {
Double Attack} Kh8 $2 {} (36... Kf8 $11 37. Kxg2 Rd6 )37. Qd4+ $1 f6 {[#]} 38. Kxg2 $2 (38. Rxh7+ $1 { mates} Kxh7 (38... Qxh7 39. Qxf6+ )39. Qa7+ { Double Attack} Rd7 40. Qxd7+ { Double Attack} Re7 41. Qxe7+ Kh6 42. Qg7+ Kh5 43. Qh8# )Rg8 39. Rf7 {[#]} (39. Rxa5 $11 {
remains equal.} Qxf4 40. Rxg8+ Rxg8+ 41. Kf1 )Rxg3+ ({Don't play} 39... Rd6 40. Qa7 $11 )(39... Rc8 $1 $17 {White must now prevent ...Rxg3+.} 40. Qxf6+ Qxf6 41. Rxf6 Rc2 )40. fxg3 Rg8 41. Qxf6+ Qxf6 42. Rxf6 { Endgame
KR-KR} Rc8 43. Rd6 Rc2+ { Double Attack} 44. Kh3 Rxb2 {Strongly
threatening ...e3.} 45. Rxd5 Rxa2 {...e3 is the strong threat.} 46. Re5 Ra4 47. Kg4 Kg7 48. Kf5 Ra3 49. g4 e3 50. g5 Kf7 51. Rb5 $2 {} (51. Re4 $11 )e2 $19 52. Re5 Ra2 53. Kg4 a4 54. f5 a3 55. Kh5 Rb2 56. Kh6 {[#]} Rb6+ (56... e1=Q $142 $1 {} 57. g6+ (57. Rxe1 Rh2# )Kf6 58. Kh5 Kxe5 59. Kh6 Qh4+ 60. Kg7 Qe7+ 61. Kh8 Rb8# )57. Kxh7 a2 {Black mates.} 58. g6+ Kf6 59. g7 {[#]} Rb7 $1 {} 60. Re6+ Kxf5 61. Rxe2 a1=Q {} 62. Rf2+ Ke4 {Accuracy: White = 57%, Black = 71%.} 0-1

[Event "FIDE-Online-Steinitz-Memorial-Women"]
[White "Lagno, Kateryna"]
[Black "Tan, Zhongyi"]
[Site "Internet"]
[Round "14"]
[Annotator "TA"]
[Result "1-0"]
[Date "2020.05.17"]
[WhiteElo "2608"]
[BlackElo "2510"]
[PlyCount "125"]

1. e4 {} e5 2. Nf3 Nc6 3. Bb5 Nf6 4. 0-0 Nxe4 5. Re1 Nd6 6. Nxe5 Be7 7. Bf1 Nxe5 8. Rxe5 0-0 9. d4 Bf6 10. Re1 Re8 {C67: Ruy Lopez:
Berlin Defence: 4 0-0 Nxe4.} 11. c3 Rxe1 12. Qxe1 Ne8 {The position is equal.} 13. d5 d6 14. Na3 c6 {[#]} 15. Qe4 $5 $146 { New and interesting.} ({
Predecessor:} 15. Qd1 Nc7 16. c4 Bf5 17. dxc6 bxc6 18. Nc2 Ne6 19. Ne3 Bg6 20. Bd3 Rb8 21. Bxg6 hxg6 {1/2-1/2 (49) Lagno,K (2554)-Tan,Z (2513) Kazan 2019} )Qe7 16. Bd3 Qxe4 17. Bxe4 Bd7 18. Nc4 cxd5 19. Bxd5 Bc6 20. Ne3 Nc7 21. Bxc6 bxc6 22. Ng4 Be7 23. Bd2 h5 24. Re1 Ne6 25. Ne3 d5 26. Nf5 Bf6 27. b3 g6 28. Ne3 a5 29. Nc2 Nc5 30. f3 Ne6 31. Kf2 c5 32. Rc1 Kg7 33. Ne1 c4 34. Rb1 $2 (34. bxc4 $11 dxc4 35. Nc2 )Rb8 $1 $19 35. Nc2 Nc5 $1 36. Nd4 Nd3+ $2 (36... cxb3 $19 37. axb3 Nxb3 $1 {} 38. Nxb3 a4 )37. Kf1 {[#]} a4 $1 {
 White must now prevent ...axb3.} 38. b4 (38. bxa4 Rxb1+ )a3 (38... Bxd4 $1 $17 39. cxd4 Kf6 )39. Nc2 Ra8 40. b5 {aiming for b6.} Nc5 $2 (40... Rb8 $11 )41. Nd4 $2 ({White must play} 41. b6 $16 )Nd3 {[#]} (41... Rb8 $11 {remains equal.} )42. b6 ({White should play} 42. Be3 $1 $16 )Rb8 $2 { [#]} (42... Bxd4 $1 $11 {and Black has nothing to worry.} 43. cxd4 Rb8 )43. Nc6 $1 $18 {} Rb7 {Black wants to play ...Nb2.} 44. Na5 Rb8 45. b7 Bd8 $2 (45... Nc5 46. Rb5 Nxb7 47. Nxb7 Be5 48. Rxd5 Bxh2 )46. Nc6 Bc7 47. Nxb8 Bxb8 { Endgame KRB-KBN} 48. Rb5 Kf6 49. Rxd5 Ke7 50. Ra5 Kd7 51. Rxa3 Kc6 52. Ra4 Kxb7 53. Rxc4 Bxh2 54. Rd4 Ne5 55. Bf4 Bxf4 56. Rxf4 {KR-KN} Kb6 57. Re4 Nc6 58. Ke2 Kc5 59. Kd3 Kd5 60. a4 Kc5 61. Re8 f5 62. Re6 h4 63. f4 {What a bad dream for Black. Accuracy: White = 79%, Black =
63%.} 1-0

[Event "FIDE-Online-Steinitz-Memorial-Women"]
[White "Kosteniuk, Alexandra"]
[Black "Khademalsharieh, Sarasadat"]
[Site "Internet"]
[Round "14"]
[Annotator "TA"]
[Result "1/2-1/2"]
[Date "2020.05.17"]
[WhiteElo "2521"]
[BlackElo "2431"]
[PlyCount "75"]

1. Nf3 {} d5 2. g3 g6 3. Bg2 Bg7 4. d4 c6 5. 0-0 Nh6 6. Nbd2 {D02: 1 d4 d5 2 Nf3 sidelines, including 2.
..Nf6 3 g3 and 2...Nf6 3 Bf4.} Nf5 7. c3 0-0 8. e4 {White is slightly better.} dxe4 9. Nxe4 Nd7 10. Bf4 Nf6 11. Nxf6+ Bxf6 {[#]} (11... exf6 $11 12. Re1 Be6 )12. h4 $146 ({Predecessor:} 12. Re1 Qb6 13. Qc1 Be6 14. Be5 Bxe5 15. Nxe5 Kg7 16. Nd3 Rad8 17. Nc5 Bc8 18. g4 {1/2-1/2 (48) Gutman,L (2450)-Gurevich,D (2470)
Beersheba 1982} )h5 13. Ne5 Be6 14. Be4 (14. Re1 $5 {} )Nd6 15. Bc2 Bf5 16. Bb3 Kg7 17. Qc1 {And now Bh6+ would win.} Rh8 18. Re1 Qb6 19. Nf3 c5 20. dxc5 Qxc5 21. Be5 Bg4 22. Bxf6+ exf6 23. Qf4 Rhe8 24. Nd4 Re5 25. f3 $2 {[#]} (25. Nc2 $11 )Rae8 $19 26. Kf2 (26. Kf1 $17 Bh3+ 27. Kf2 )Bd7 27. Qd2 Nf5 28. Bc2 (28. Kg2 $17 {is a better defense.} )Nxd4 (28... Rxe1 $19 29. Rxe1 Rxe1 30. Kxe1 Qe5+ 31. Kf1 Nxg3+ 32. Kf2 g5 33. hxg5 fxg5 )29. Qxd4 $15 Qxd4+ (29... Qc8 $15 )30. cxd4 $11 {The position is equal.} Rxe1 31. Rxe1 $19 { Endgame KRB-KRB} Rc8 32. Bb3 {Strongly
threatening Re7.} Kf8 $1 33. d5 a5 34. a4 Re8 35. Rc1 Rc8 36. Re1 Re8 37. Rc1 Rc8 38. Re1 {Accuracy: White = 68%, Black = 75%.} 1/2-1/2